000 00448nam a2200145Ia 4500
008 230917s9999||||xx |||||||||||||| ||und||
040 _e60851
_aMAIN
041 _aEnglish
082 _a823.9 C464P
100 _aChristie, Agatha
245 2 _aA poirot qunitet: the mirder of Roger Ackroyd, the mystry of the blue train, dumb witness, after the funeral, death on the nile
260 _aLondon
_bCollins
_c1977
300 _a1002 p.
942 _cBK
999 _c227679
_d227679